| 000 | 00458nam a22001577a 4500 | ||
|---|---|---|---|
| 999 |
_c513600 _d513600 |
||
| 008 | 200313b ||||| |||| 00| 0 eng d | ||
| 100 |
_aDhanimol MM _916756 |
||
| 245 | _aManaging cultural diversity: Inclusive and exclusive approaches | ||
| 260 | _bWorld Affairs | ||
| 300 | _a23(4), Oct-Dec, 2019: p.26-35. | ||
| 650 |
_aCultural diversity _916757 |
||
| 650 |
_aPluralism _916758 |
||
| 773 | _aWorld Affairs | ||
| 906 | _aCulture | ||
| 942 |
_2ddc _cAR |
||